Responses for Show #5104 - Thursday, November 16, 2006

2006 Celebrity Jeopardy! game 7.
From Radio City Music Hall in New York City.

Contestants

[<< previous game]

Drew Lachey, a singer and actor from Dancing with the Stars

Brian Stokes Mitchell, an actor from the Broadway musical Ragtime

Dana Delany, an actress from Kidnapped

[next game >>]

Jeopardy! Round responses

DIFFERENT STOKES
SCIENCE
DANCING PAINFULLY WITH THE STARS
METS, GIANTS, RANGERS & KNICKS
THE ILIAD, MACBETH OR THE HOBBIT
ANSWERS THAT START WITH "FEB"
(Alex: And finally, a tribute to Saturday Night Live...) (Alex: ...Trebek!)
    $200 2
North Carolina

Dana
    $200 13
an acid

Drew
    $200 9
Godzilla

Drew
    $200 4
Eli Manning

Drew
    $200 16
the Iliad

Dana
    $200 1
February 14

Stokes
    $400 15
hepatitis

Dana
    $400 10
Miami Vice

Drew
    $400 5
Willie Randolph

Drew
    $400 17
the Iliad

Dana
    $400 3
(Alex: You are right, February is Black History Month. Good.)

February 1

Drew
    $600 23
(Stokes: What, errrm, uh, what is the backbone?)

ribs

StokesDrew
    $600 11
Jaws

Dana
    $600 6
Lawrence Taylor (L.T. accepted)

Drew
    $600 18
(Stokes: Oh, I'm never... what is [*], I'm gonna have to go outside of the theater and turn around and spit over my shoulder now.)
(Alex: Oh, all right. We mentioned it onstage, yeah.)
(Stokes: Oh man! I can't believe it.)

Macbeth

Stokes
    $600 21
(Alex: With a---less than a minute to go now.)

February 29

Dana
    $800 24
heart murmur

Stokes
    $800 12
Gentle Ben

Stokes
    $800 7
(Dana: Who is Pat Riley?)

Phil Jackson

DanaDrew
    $800 19
The Hobbit

Dana
    $3,000 25
(Stokes: What is... uh, oh, starts with an "A", hold on... what is... [*]?)
(Alex: You're right!)
[Applause]
[The end-of-round signal sounds.]

adrenaline

Stokes
    $1000 14
Flipper

Stokes
    $1000 8
(Mark) Messier

Drew
    $1000 20
Macbeth

Dana
    $1000 22
febrile

Stokes

Scores at the first commercial break (after clue 13):

Dana Stokes Drew
$0 $1,000 $4,200

Scores at the end of the Jeopardy! Round:

Dana Stokes Drew
$3,400 $6,800 $4,800

Double Jeopardy! Round responses

WHAT A STATE I'M IN
THAT OLD-TIME RELIGION
THE HELP
IT HAPPENS EVERY YEAR
IT'LL PLAY IN NEW YORK
CROSSWORD CLUES "L"
    $400 17
Alaska

Stokes
    $400 4
Hinduism

Stokes
    $400 16
a maid

Drew
    $400 26
(Alex: With less than a minute now.)

Lois Lane

Drew
    $400 11
West Side Story

Stokes
    $400 1
lightning

Dana
    $800 22
Nevada

Stokes
    $800 5
angels

Stokes
    $800 18
knights

Stokes
    $800 27
Wisconsin

Stokes
    $800 12
Guys and Dolls

Stokes
    $800 2
Labrador

Dana
    $1200 23
Louisiana

Stokes
    $1200 6
Mark

Stokes
    $5,000 19
(Stokes: [Covers mouth] Ohhh... Oh... Who is--What is the sheriff?)
(Alex: Oh, no. Dana would've loved this. He shot the sheriff, "but I didn't shoot [*].")
(Stokes: Oh, [*]! Oh, no! Oh, no.)

the deputy

Stokes
    $1200 28
the Alamo

Stokes
    $1200 13
Funny Girl

Dana
    $1200 3
ladyfingers

Stokes
    $1600 24
Colorado

Dana
    $1600 7
(Drew: What is Jamaica?)

Haiti

StokesDrew
    $1600 20
apprentice

Stokes
    $1600 29
Jesse James

Dana
    $1600 14
Annie

Dana
    $1600 9
Lapis

Stokes
    $3,600 25
Virginia

Dana
    $2000 8
[Applause for Stokes's run of the category]

Baptists

Stokes
    $2000 21
aide

Triple Stumper
    $2000 30
Flag Day

Dana
    $2000 15
On the Town

Dana
    $2000 10
Leonard

Dana

Scores at the end of the Double Jeopardy! Round:

Dana Stokes Drew
$20,200 $18,600 $4,000

[wagering suggestions for these scores]

Final Jeopardy! Round responses

HISTORIC OBJECTS
DrewWhat is I'm playing for charity!!!
$4,000
StokesWhat are Flags
$18,600
DanaWhat a Bell?
$12,000
diamonds

Final scores:

Dana Stokes Drew
$8,200 $0 $0
Winner: $50,000 to the Scleroderma Research Foundation 2nd place: $25,000 to The Actors' Fund of America 3rd place: $25,000 to the American Cancer Society

Game dynamics:

Coryat scores:

Dana Stokes Drew
$18,600 $21,600 $4,000
18 R
(including 1 DD),
1 W
23 R
(including 1 DD),
2 W
(including 1 DD)
12 R,
1 W

Combined Coryat: $44,200

[game clues] [game scores] [suggest correction]

Game tape date: 2006-10-07
The J! Archive is created by fans, for fans. Scraping, republication, monetization, and malicious use prohibited; this site may use cookies and collect identifying information. See terms. The Jeopardy! game show and all elements thereof, including but not limited to copyright and trademark thereto, are the property of Jeopardy Productions, Inc. and are protected under law. This website is not affiliated with, sponsored by, or operated by Jeopardy Productions, Inc. Join the discussion at JBoard.tv.